Zákon o cestovných náhradách

Úplné znenie zákona č.283/2002 Z.z. zo 16. mája 2002 o cestovných náhradách pri pracovných cestách.

Gespeichert in:
Bibliographische Detailangaben
Format: Buchkapitel
Sprache:Slowakisch
Schlagworte:
Tags: Tag hinzufügen
Keine Tags, Fügen Sie das erste Tag hinzu!

MARC

LEADER 00000naa a2200000 4500
001 r045921
005 20230927104609.9
041 0 |a slo 
044 |a SK 
245 1 0 |a Zákon o cestovných náhradách 
520 |a Úplné znenie zákona č.283/2002 Z.z. zo 16. mája 2002 o cestovných náhradách pri pracovných cestách. 
610 2 0 |a cesty pracovné 
610 2 0 |a náhrada cestovného 
610 2 0 |a náhrada výdavkov 
610 2 0 |a zákony 
610 2 0 |a Slovensko